Statistics for Name that F*R*I*E*N*D*S character...

Click here to take the quiz!

General Stats

  • This quiz has been taken 6,812 times
    (6,801 since last reset)
  • The average score is 21 of 45

Answer Stats

Actor Friends Character % Correct
Jennifer AnistonRachel Green
99%
Matt LeBlancJoey Tribbiani
99%
Matthew PerryChandler Bing
99%
David SchwimmerDr. Ross Geller
99%
Courteney CoxMonica Geller
99%
Lisa KudrowPhoebe Buffay
97%
James Michael TylerGunther
80%
Tom SelleckDr. Richard Burke
78%
Paul RuddMike Hannigan
76%
Maggie WheelerJanice Litman
73%
Cole SprouseBen Geller
64%
Elliott GouldJack Geller
62%
Jane SibbettCarol Willick
59%
Jessica HechtSusan Bunch
56%
Christina PicklesJudy Geller
56%
Helen BaxendaleEmily Waltham
53%
Hank AzariaDavid
52%
Bruce WillisPaul Stevens
51%
Reese WitherspoonJill Green
49%
Christina ApplegateAmy Green
48%
Giovanni RibisiFrank Buffay Jr.
45%
Lauren TomJulie
38%
Eddie CahillTag Jones
38%
Sean PennEric
36%
Aisha TylerCharlie Wheeler
35%
Jon FavreauPete Becker
35%
Anna FarisErica
32%
Tate DonovanJoshua Burgin
31%
Alexandra HoldenElizabeth Stevens
30%
Christine TaylorBonnie
29%
June GableEstelle Leonard
28%
Bonnie SomervilleMona
28%
Brad PittWill Colbert
28%
Adam GoldbergEddie Menuek
27%
Elle MacphersonJanine Lecroix
27%
Morgan FairchildNora Tyler Bing
25%
Debra Jo RuppAlice Knight Buffay
24%
Alec BaldwinParker
24%
Mitchell WhitefieldBarry Farber
23%
Larry HankinMr. Heckles
20%
Kathleen TurnerCharles Bing
17%
Michael RapaportGary
16%
Dermot MulroneyGavin
15%
Mike HageryMr. Treeger
13%
David ArquetteMalcolm
6%

Score Distribution

Percentile by Number Answered

Percent of People with Each Score

Your Score History

You have not taken this quiz since the last reset